[Event "TUR Cup"]
[Site "Denizli"]
[Date "2024.07.30"]
[Round "1"]
[White "Ilgaz, Yusuf Kerem"]
[Black "Vardar, Kuzey"]
[Result "1-0"]
[WhiteElo "2006"]
[BlackElo "1569"]
[PlyCount "104"]
[EventDate "2024.07.30"]
[EventType "swiss"]
[EventRounds "11"]
[EventCountry "TUR"]
[SourceTitle "EXT 2025"]
[Source "ChessBase"]
[SourceDate "2024.10.14"]
[SourceVersion "1"]
[SourceVersionDate "2024.10.14"]
[SourceQuality "1"]

1. e4 c6 2. Nc3 d5 3. Nf3 dxe4 4. Nxe4 Bg4 5. h3 Bxf3 6. Qxf3 Nf6 7. b3 Nbd7 8. Bb2 e6 9. 0-0-0 Be7 10. g4 Nxe4 11. Qxe4 Bf6 12. d4 Qa5 13. Kb1 0-0-0 14. Bg2 Qd5 15. Qxd5 exd5 16. h4 h6 17. f4 g6 18. Bf1 Rde8 19. Bd3 Bg7 20. h5 gxh5 21. Rxh5 Nf6 22. Bf5+ Kc7 23. Rh2 Ne4 24. Kc1 Bf8 25. Rd3 Bd6 26. Rf3 Ng5 27. Rf1 Ne4 28. Rh3 b5 29. c3 a5 30. Kc2 Kb6 31. Bc1 b4 32. c4 Kb7 33. Kd3 Nc3 34. c5 Bc7 35. a4 Kb8 36. Be3 Kb7 37. Rfh1 Re7 38. g5 h5 39. Rxh5 Rhe8 40. R5h3 Ne2 41. Rf1 Nc3 42. g6 fxg6 43. Bxg6 Rg8 44. f5 Re4 45. f6 Rg4 46. f7 R4xg6 47. f8Q Rxf8 48. Rxf8 Rg7 49. Rhf3 Ne4 50. R8f7 Rxf7 51. Rxf7 Kc8 52. Bf4 Nc3 1-0